000 00467nam a2200193Ia 4500
005 20240823053944.0
008 240823s9999||||xx |||||||||||||| ||und||
020 _a978-0-07-133370-7
041 _aENGLISH
082 _A530 Q2
100 _aPremlet B
245 0 _aEngineering Physics -I
250 _a2nd
260 _c2012
_b"Tata McGraw-Hill Publishing Company Ltd,New "
500 _aYES
650 _aPhysics
_bPhysics
942 _cBK
999 _c225334
_d225334